| 000 | 00476nam a2200169Ia 4500 | ||
|---|---|---|---|
| 005 | 20250508153427.0 | ||
| 008 | 008 250505s9999 xx 000 0 eng d | ||
| 037 | _aBooks to be hide in OPAC | ||
| 040 |
_aFEDL _beng _cFEDL |
||
| 041 |
_aeng _2eng |
||
| 084 |
_a371, ORA/O _qFEDL |
||
| 245 | 0 | _aReport for the year ending 31st December, 1962 | |
| 245 | 0 | _cORANGE FREE STATE PROVINCE | |
| 300 | _a123p. | ||
| 942 |
_cHB _h371, ORA/O |
||
| 999 |
_c1342790 _d1342790 |
||